Rast podniku a možnosti jeho hodnotenia

Hodnotenie rastu podniku viacerými spôsobmi ma základe ukazovateľov prezentovaných vo fyzickom a peňažnom vyjadrení, ako aj na základe modelov. Chyrakteristickými ukazovateľmi vo fyzickom vyjadrení sú predovšetkým počet zamestnancov a objem produkcie. Za najdôležitejšie ukazovatele rastu podniku v...

ver descrição completa

Na minha lista:
Detalhes bibliográficos
Autor principal: Neumannová, Anna
Formato: Capítulo de Livro
Idioma:eslovaco
Assuntos:
Tags: Adicionar Tag
Sem tags, seja o primeiro a adicionar uma tag!

MARC

LEADER 00000naa$a2200000$$$4500
001 0021993
005 20221128120829.3
041 0 |a slo 
044 |a SK 
245 1 0 |a Rast podniku a možnosti jeho hodnotenia  |c Anna Neumannová 
520 |a Hodnotenie rastu podniku viacerými spôsobmi ma základe ukazovateľov prezentovaných vo fyzickom a peňažnom vyjadrení, ako aj na základe modelov. Chyrakteristickými ukazovateľmi vo fyzickom vyjadrení sú predovšetkým počet zamestnancov a objem produkcie. Za najdôležitejšie ukazovatele rastu podniku v peňažnom vyjadrení sa považujú zisk a obrat podniku. Vzorec pre kvantifikáciu rastu podniku. Modelovanie rastu podniku. V podmienkach trhovej ekonomiky sa hovorí o modeli rastu manažérskeho podniku. 
610 2 0 |a rast podniku 
610 2 0 |a modely rastu 
610 2 0 |a kvantifikácia 
610 2 0 |a výnosnosť 
100 1 |a Neumannová, Anna